|
|
|
|
| LEADER |
00000nam a2200000 a 4500 |
| 001 |
UCQ5150 |
| 003 |
CL-VaPUC |
| 008 |
980925e19510000AG |||||||||||||||||spa|d |
| 082 |
0 |
4 |
|a 859.32
|b ELI
|2 21
|
| 100 |
0 |
|
|a Eliade, Mircea
|e author
|9 419324
|
| 245 |
1 |
3 |
|a La noche bengalí
|
| 300 |
|
|
|a 194 p
|
| 942 |
|
|
|c BK
|
| 945 |
|
|
|d 19980925 00:00:00
|a crobeson
|
| 260 |
|
|
|a Buenos Aires
|b Emecé
|c 1951
|
| 650 |
|
0 |
|a Novelas rumanas
|9 311526
|
| 650 |
|
0 |
|a Literatura rumana
|9 419058
|
| 583 |
|
|
|a last modification
|c 19980925 00:00:00
|k Rodrigo Vera
|
| 999 |
|
|
|c 275367
|d 275365
|
| 952 |
|
|
|0 0
|1 0
|4 0
|6 859_320000000000000_ELI_1951
|7 0
|8 A
|9 312100
|a BIBEDU
|b BIBEDU
|d 2019-11-20
|i 1468480
|o 859.32 ELI 1951
|p 1468480
|r 2019-11-20
|w 2019-11-20
|y BK
|k LIT
|